Sportújságírók tájértekezlete Szegeden
Elmentve itt :
| Dokumentumtípus: | Cikk |
|---|---|
| Megjelent: |
1983-11-29
|
| Sorozat: | Délmagyarország
73 No. 281 |
| Kulcsszavak: | sajtó |
| Online Access: | http://dmarchiv.bibl.u-szeged.hu/119273 |
| LEADER | 00407nab a2200145 i 4500 | ||
|---|---|---|---|
| 001 | delm119273 | ||
| 005 | 20190626090816.0 | ||
| 008 | 190626s1983 hu o 0|| hun d | ||
| 040 | |a SZTE Délmagyarország Archívum |b hun | ||
| 041 | |a hun | ||
| 245 | 0 | 0 | |a Sportújságírók tájértekezlete Szegeden |h [elektronikus dokumentum] |
| 260 | |c 1983-11-29 | ||
| 300 | |a 6 | ||
| 490 | 0 | |a Délmagyarország |v 73 No. 281 | |
| 695 | |a sajtó | ||